කන්දබඩ පත්තුව (Record no. 160)
[ view plain ]
| 000 -LEADER | |
|---|---|
| fixed length control field | 00425nam a2200169Ia 4500 |
| 008 - FIXED-LENGTH DATA ELEMENTS--GENERAL INFORMATION | |
| fixed length control field | 180921t2016 xxu||||| |||| 00| 0 sin d |
| 041 ## - LANGUAGE CODE | |
| Language code of text/sound track or separate title | sin |
| 080 ## - UNIVERSAL DECIMAL CLASSIFICATION NUMBER | |
| Universal Decimal Classification number | X Kanda |
| Item number | ada |
| 003 - CONTROL NUMBER IDENTIFIER | |
| control field | LK-CoDNM |
| 040 ## - CATALOGING SOURCE | |
| Original cataloging agency | LK-CoDNM |
| Modifying agency | LK-CoDNM |
| Description conventions | LK-CoDNM |
| 100 ## - MAIN ENTRY--PERSONAL NAME | |
| Personal name | Ranasinghe,Sumith |
| 245 ## - TITLE STATEMENT | |
| Title | කන්දබඩ පත්තුව |
| 246 ## - VARYING FORM OF TITLE | |
| Title proper/short title | Kandabada Pattuwa |
| 260 ## - PUBLICATION, DISTRIBUTION, ETC. | |
| Name of publisher, distributor, etc. | Godage |
| Place of publication, distribution, etc. | Colombo |
| Date of publication, distribution, etc. | 2016 |
| 300 ## - PHYSICAL DESCRIPTION | |
| Other physical details | 227p, 29cm |
| 942 ## - ADDED ENTRY ELEMENTS (KOHA) | |
| Koha item type | Books |
| Withdrawn status | Lost status | Damaged status | Not for loan | Collection | Home library | Current library | Date acquired | Full call number | Barcode | Date last seen | Price effective from | Koha item type |
|---|---|---|---|---|---|---|---|---|---|---|---|---|
| Monographs | Library National Museum Colombo - Sri Lanka | Library National Museum Colombo - Sri Lanka | 2018-07-18 | X Kandabada | 165902 | 2023-06-01 | 2023-06-01 | Books |


